Observation on the sea-snake (Registro nro. 9286)

Detalles MARC
000 -CABECERA
Campo de control 004700000a22001690004500
090 ## - CLASIFICACIÓN LOCAL
Colección AR
Consecutivo 00185
041 0# - IDIOMA
Código de idioma para texto/pista de sonido o título separado
100 1# - ASIENTO PRINCIPAL--NOMBRE PERSONAL
Nombre personal Klemmer, Konrad
245 10 - MENCION DE TITULO
Título Observation on the sea-snake
650 14 - ASIENTO SECUNDARIO DE MATERIA - TERMINO TEMATICO
Término temático o nombre geográfico como elemento de entrada Reptiles
650 14 - ASIENTO SECUNDARIO DE MATERIA - TERMINO TEMATICO
Término temático o nombre geográfico como elemento de entrada Serpientes
650 14 - ASIENTO SECUNDARIO DE MATERIA - TERMINO TEMATICO
Término temático o nombre geográfico como elemento de entrada Biología
650 14 - ASIENTO SECUNDARIO DE MATERIA - TERMINO TEMATICO
Término temático o nombre geográfico como elemento de entrada Morfología
653 ## - TERMINO DE INDIZACION - NO CONTROLADO
-- Hydropiidae
-- Laticuada
-- Laticuada laticuadata
773 1# - Item fuente:
Título International Zoo Yearbook
Especificación de materiales 87
Paginas del Articulo 229-231
Lugar, editorial y fecha de publicación 1967
Información sobre la relación 7
942 ## - ELEMENTOS ADICIONALES (KOHA)
Tipo de ítem Artículo
Existencias
Withdrawn status Lost status Damaged status No para préstamo Colección Ubicación Permanente Ubicación actual Fecha de adquisición Datos de publicación Seriada Total Checkouts Número topográfico Inventario / Código de Barras Date last seen Ejemplar Price effective from Forma de adquisición Tipo de material
      No para Préstamo Hemeroteca Bogotá Bogotá 27/02/2015 Fuera de circulación   AR 00185 010425 25/03/2015 1 25/03/2015   Artículo